书目信息 |
| 题名: |
赫鲁晓夫回忆录
|
|
| 作者: | 张岱云 译 | |
| 分册: | ||
| 出版信息: | 北京 东方出版社 1988.02 |
|
| 页数: | 808页 | |
| 开本: | 32开 | |
| 丛书名: | ||
| 单 册: | ||
| 中图分类: | K835.127 | |
| 科图分类: | ||
| 主题词: | 历史 , 地理 | |
| 电子资源: | ||
| ISBN: | 7-5060-0040-7 | |
| 000 | 00562nam0 2200205 45 | |
| 001 | 0008141523 | |
| 005 | 20001104190610.5 | |
| 010 | @a7-5060-0040-7@d26.00元 | |
| 100 | @a20000814d1988 km y0chiy0120 ea | |
| 101 | 0 | @achi |
| 105 | @a z 000yy | |
| 200 | 1 | @a赫鲁晓夫回忆录@AHe Lu Xiao Fu Hui Yi Lu@f张岱云等译@FZhang Dai Yun Deng Yi |
| 210 | @a北京@c东方出版社@d1988.02 | |
| 215 | @a808页@d32开 | |
| 606 | 0 | @a历史 |
| 606 | 0 | @a地理 |
| 690 | @aK835.127@v3 | |
| 701 | 0 | @a张岱云@4译 |
| 801 | @aCN@bPftUser@c20000814 | |
| 905 | @dK835.127@eH891@b197720-723@f4 | |
| 赫鲁晓夫回忆录/张岱云等译.-北京:东方出版社,1988.02 |
| 808页;32开 |
| ISBN 7-5060-0040-7:26.00元 |
| ● |
| 相关链接 |
|
|
|
正题名:赫鲁晓夫回忆录
索取号:K835.127/H891
 
预约/预借
| 序号 | 登录号 | 条形码 | 馆藏地/架位号 | 状态 | 备注 |
| 1 | 197720 | 201977209 | 社科库309/309社科库 99排4列6层/ [索取号:K835.127/H891] | 在馆 | |
| 2 | 197721 | 201977218 | 社科库309/309社科库 99排4列6层/ [索取号:K835.127/H891] | 在馆 | |
| 3 | 197722 | 201977227 | 社科库309/309社科库 99排4列6层/ [索取号:K835.127/H891] | 在馆 | |
| 4 | 197723 | 201977236 | 社科库309/309社科库 99排4列6层/ [索取号:K835.127/H891] | 在馆 |